Café solo /

Guardado en:
Autor Principal: Ferrari, Andrea
Formato: Libro
Publicado: Madrid : Ediciones Sm, 2004
Series:El Barco de vapor ; 158
Materias:
Etiquetas: Agregar Etiqueta
Sin Etiquetas, Sea el primero en etiquetar este registro!
LEADER 00589nam a22002175a 4500
001 CEM.cems014890
005 20180416164355.0
008 130507s2004##################000#0#####d
003 CEMS
020 |a 8434898640 
082 0 4 |a A863.4 
100 1 |a Ferrari, Andrea 
245 1 0 |a Café solo /  |c Andrea Ferrari 
260 |a Madrid :  |b Ediciones Sm,  |c 2004 
300 |a 123 p. 
490 0 |a El Barco de vapor ; 158 
653 |a Literatura 
653 |a Literatura argentina 
653 |a Litearutra juvenil 
653 |a Novelas 
859 |a CEMS  |b BIB. CEMS - 11 de abril  |h A863.4  |i F412-3  |p 27488.18  |t Ej.1